| 000 | 01128cam a22003257a 4500 | ||
|---|---|---|---|
| 003 | CHAP | ||
| 005 | 20220817041723.0 | ||
| 008 | 971013s1984 r 00010 d | ||
| 010 | _a22557 | ||
| 011 | _a23529 | ||
| 035 | _a27625 | ||
| 040 | _cCHAP | ||
| 090 | _aFolleto 11781 | ||
| 100 | 0 | 0 |
_aAustin, M. P. _98353 |
| 245 | 1 | 4 | _aThe concept of representativeness in conservation evaluation with particular relevance to Australia |
| 260 |
_aCamberra : _bCommonwealth Scientific Industrial and Research Organization. Division of Water and Land Resources, _c1984 |
||
| 300 |
_ac.a. 77 p. _b: ilus |
||
| 490 | 0 |
_aTechnical memorandum _v; 84/11 |
|
| 590 |
_aBATCH-UPD _b10 _c20130110 _lUCH01 _h1949 |
||
| 590 |
_aBATCH-UPD _b10 _c20130410 _lUCH01 _h1311 |
||
| 590 |
_aBATCH-UPD _b10 _c20130914 _lUCH01 _h0610 |
||
| 590 |
_aBATCH-UPD _b10 _c20160812 _lUCH01 _h0932 |
||
| 590 |
_aCONVERSION _b10 _c20130109 _lUCH01 _h1313 |
||
| 650 | 1 | 4 |
_aRecursos naturales _xConservación. |
| 700 | 1 |
_aMargules, C. R. _971350 |
|
| 830 | 0 |
_aTechnical memorandum _v; 84/11 |
|
| 901 | _aBK | ||
| 942 | _cFOLL | ||
| 949 |
_bBC _cFOLL _d-64039 _eTS1 _i27625 _si |
||
| 999 |
_c22557 _d22557 |
||